Movies Quiz

Random Movies Quiz
Score 0/11 Timer 03:00
0 Plays Today
Hint Answer % Correct
Who is the leader of the Glade ?Alby
88.6%
What is the name of 'The Betrayer'?Teresa
83.7%
What is a newbie called in the Glade ? Greenie
77.7%
Who is transferred from Group B to Group A ?Aris
76%
What does WICKED stand for ?World In Catastrophe Killzone Experiment Department
75.7%
What state does Teresa arrive in at the Glade?Coma
56.2%
What is one of the words in the code from the book ? Float
52.8%
Why does Newt have a limp ? Jumped from maze wall
41.1%
Where is the griever hole in the book ?Off the edge of the cliff
31.2%
What is the most important thing in the Glade ? Order
23.4%
What purpose do the beetle blades have ? To monitor the gladers
7.5%
Remove Ads.
Support Sporcle.
Get the best of Sporcle when you Go Orange. This ad-free experience offers more features, more stats, and more fun while also helping to support Sporcle. Thank you for becoming a member.

You're not logged in!

Compare scores with friends on all Sporcle quizzes.
OR
Log In

Show Comments

Extras

Created Dec 17, 2014ReportNominate
Tags:Maze, Runner

Top Quizzes Today


Score Distribution

Your Account Isn't Verified!

In order to create a playlist on Sporcle, you need to verify the email address you used during registration. Go to your Sporcle Settings to finish the process.

Report this User

Report this user for behavior that violates our Community Guidelines.

Details: